[Event "Bundesliga 2008-9"]
[Site "Solingen GER"]
[Date "2008.10.03"]
[Round "7"]
[White "Dinstuhl,V"]
[Black "Ragger,M"]
[Result "1/2-1/2"]
[WhiteElo "2436"]
[BlackElo "2518"]

1.d4 d5 2.c4 c6 3.Nc3 Nf6 4.e3 e6 5.Nf3 Nbd7 6.Bd3 dxc4 7.Bxc4 b5 8.Bd3 Bb7
9.e4 b4 10.Na4 c5 11.e5 Nd5 12.Nxc5 Nxc5 13.dxc5 Bxc5 14.O-O h6 15.Nd2 Qb6
16.Nc4 Qc7 17.Qg4 Kf8 18.Bd2 Rd8 19.Rac1 Qe7 20.Rfd1 Ba8 21.Bf1 Kg8 22.Nd6 Bxd6
23.exd6 Rxd6 24.Bxb4 Nxb4 25.Rc8+ Kh7 26.Rxh8+ Kxh8 27.Qxb4 Bd5 28.Bc4  1/2-1/2

[Event "TCh-AUT 2nd Bundesliga Ost 2008-9"]
[Site "Austria AUT"]
[Date "2008.10.04"]
[Round "2"]
[White "Timoscenko,G"]
[Black "Kostic,VG"]
[Result "1/2-1/2"]
[WhiteElo "2481"]
[BlackElo "2422"]

1.d4 d5 2.c4 c6 3.Nf3 Nf6 4.Nc3 e6 5.e3 Nbd7 6.Bd3 Bd6 7.e4 dxe4 8.Nxe4 Nxe4
9.Bxe4 c5 10.O-O Qc7 11.Re1 cxd4 12.Qxd4 e5 13.Qc3 O-O 14.b3 a5 15.a3 Nf6
16.Bc2 e4 17.Bxe4 Nxe4 18.Rxe4 Bf5 19.Bb2 f6 20.Ree1 Rad8 21.Rad1 Bg4 22.h3 Be5
23.Qc2 Bxf3 24.gxf3 Bxb2 25.Qxb2 Qf4 26.Rxd8 Rxd8 27.Qe2 h5 28.Qe3 Qxe3 29.Rxe3 Rd1+
30.Kg2 Rb1 31.f4 Kh7 32.f5 Rc1 33.Re7 a4 34.Rxb7 axb3 35.Rxb3 Rxc4 36.Rb4 Rc3
37.a4 Ra3 38.f3 Kh6 39.h4 g5 40.fxg6 Kxg6 41.Kg3 Kf5 42.Rb5+ Kg6 43.a5 Ra4
44.f4 Ra3+ 45.Kf2 Rh3 46.f5+ Kh6 47.a6 Ra3 48.Rb6 Kg7 49.Ke2 Ra4 50.Rb7+ Kh6
51.a7 Rxa7 52.Rxa7  1/2-1/2

[Event "1st WMSG Blitz Ind w"]
[Site "Beijing CHN"]
[Date "2008.10.04"]
[Round "6"]
[White "Schuurman,P"]
[Black "Dworakowska,J"]
[Result "1-0"]
[WhiteElo "2324"]
[BlackElo "2363"]

1.Nf3 Nf6 2.c4 e6 3.d4 d5 4.Nc3 c6 5.e3 Be7 6.Be2 O-O 7.O-O dxc4 8.Bxc4 b5
9.Be2 a6 10.e4 b4 11.e5 bxc3 12.exf6 cxb2 13.fxe7 bxa1=Q 14.exd8=Q Rxd8 15.Qb3 e5
16.Bb2 Be6 17.Rxa1 Bxb3 18.axb3 exd4 19.Bxd4 Re8 20.Bc4 Nd7 21.Ng5 Re7 22.h4 a5
23.Bc3 Nb6 24.Rxa5 Rxa5 25.Bxa5 Nxc4 26.bxc4 Ra7 27.Bb6 Ra4 28.c5 Rxh4 29.g3 Rc4
30.Kg2 h6 31.Nf3 f6 32.Nd2 Rc2 33.Ne4 Kf7 34.Nd6+ Ke6 35.Ne8 g5 36.g4 Kf7
37.Nd6+ Kg6 38.Kg3 h5 39.gxh5+ Kxh5 40.Ne4 Kg6 41.Kf3 f5 42.Nd6 Kf6 43.Bd8+ Kg6
44.Nb7 Rb2 45.Nd6 Rc2 46.Nb7 Rb2 47.Bb6 Kf6 48.Nd8 Rb3+ 49.Kg2 f4 50.Nxc6 g4
51.Nd4 Rb2 52.Bc7 g3 53.c6 Rxf2+ 54.Kg1 Rd2 55.Bd8+ Ke5 56.Nf3+ Kd6 57.Nxd2 Kxc6
58.Bg5 Kd5 59.Bxf4 g2 60.Kxg2 Kd4 61.Kf3 Kd3 62.Be3 Kc3 63.Ke2 Kc2 64.Bd4 Kc1
65.Kd3 Kd1 66.Bf2 Kc1 67.Nc4 Kd1 68.Nb2+ Kc1 69.Kc3 Kb1 70.Be3 Ka2 71.Nc4 Kb1
72.Na3+ Ka2 73.Bc5 Ka1 74.Nc2+ Ka2 75.Bb4 Kb1 76.Ba3 Ka2 77.Bc1 Kb1 78.Bg5 Ka2
79.Bf4 Kb1 80.Nb4 Ka1 81.Kb3 Kb1 82.Be3 Ka1 83.Nc2+ Kb1 84.Na3+ Ka1 85.Bd4+  1-0

[Event "1st WMSG Blitz Ind w"]
[Site "Beijing CHN"]
[Date "2008.10.04"]
[Round "7"]
[White "Li Ruofan"]
[Black "Zawadzka,J"]
[Result "1-0"]
[WhiteElo "2426"]
[BlackElo "2378"]

1.d4 d5 2.c4 e6 3.Nc3 c6 4.e3 Nf6 5.Nf3 Nbd7 6.Bd3 dxc4 7.Bxc4 b5 8.Bd3 a6
9.a4 Bb7 10.O-O Be7 11.e4 b4 12.e5 bxc3 13.exf6 Nxf6 14.bxc3 c5 15.Rb1 Bc6
16.Ne5 Qd5 17.Nxc6 Qxc6 18.a5 O-O 19.Rb6 Qd5 20.Ba3 Bd8 21.Rxa6 Rxa6 22.Bxa6 Bxa5
23.Bxc5 Ra8 24.Be2 Rc8 25.c4 Qf5 26.Bf3 h6 27.h3 Bc7 28.Qe2 Nd7 29.Be4 Qf4
30.g3 Qf6 31.Ba7 Bb6 32.Bxb6 Nxb6 33.c5 Nd7 34.Rd1 e5 35.c6 Nb6 36.dxe5 Qe7
37.Qb5 Qc7 38.Qc5 Re8 39.Rb1 Nc8 40.f4 Rd8 41.Bg2 Ne7 42.Rb7 Qc8 43.Qxe7 Rd1+  1-0

[Event "8th YM"]
[Site "Winterthur SUI"]
[Date "2008.10.04"]
[Round "2"]
[White "Prohaszka,P2"]
[Black "Wirig,A"]
[Result "1/2-1/2"]
[WhiteElo "2502"]
[BlackElo "2458"]

1.d4 d5 2.c4 c6 3.Nc3 Nf6 4.e3 e6 5.Nf3 a6 6.b3 Bb4 7.Bd2 Bd6 8.Qc2 Nbd7
9.e4 dxe4 10.Nxe4 Nxe4 11.Qxe4 Nf6 12.Qh4 c5 13.Bd3 Be7 14.O-O b6 15.Qg3 Bb7
16.Rfe1 Bxf3 17.Qxf3 cxd4 18.Qg3 g6 19.Bh6 Bf8 20.Bxf8 Kxf8 21.Rad1 Kg7 22.Qe5 Ra7
23.Re4 Qb8 24.Qxb8 Rxb8 25.Rxd4 Kf8 26.f4 Ke7 27.Be2 h5 28.Bf3 Rd7 29.Rxd7+ Nxd7
30.Kf2 a5 31.a3 Rc8 32.Be2 Nc5 33.Rb1 Ne4+ 34.Ke3 Nc3 35.Rc1 Nxe2 36.Kxe2 Rd8
37.c5 bxc5 38.Rxc5 Rb8 39.Rc3 Kd6 40.Rd3+ Kc6 41.Ke3 Rb5 42.Ke4 g5 43.Rc3+ Kd6
44.Rd3+ Kc6 45.Rc3+  1/2-1/2

[Event "TCh-AUT 2nd Bundesliga Ost 2008-9"]
[Site "Austria AUT"]
[Date "2008.10.05"]
[Round "3"]
[White "Vavrak,P"]
[Black "Timoscenko,G"]
[Result "0-1"]
[WhiteElo "2478"]
[BlackElo "2481"]

1.d4 d5 2.c4 c6 3.Nc3 Nf6 4.e3 e6 5.Nf3 Nbd7 6.Qc2 Bd6 7.Be2 dxc4 8.a4 O-O
9.O-O c5 10.dxc5 Bxc5 11.e4 Qc7 12.Nb5 Qb8 13.Qxc4 a6 14.Nc3 b6 15.b4 Bd6
16.Bb2 Bb7 17.g3 Rc8 18.Qd4 e5 19.Qe3 Bxb4 20.Nd5 Bc5 21.Qb3 Nxd5 22.exd5 Qd6
23.Rad1 Re8 24.Nh4 Rad8 25.Nf5 Qf6 26.Ne3 Qg6 27.Bf3 Nf6 28.Bg2 e4 29.Bd4 Nd7
30.Bh3 Bxd4 31.Rxd4 Nc5 32.Qb1 Qf6 33.Rb4 Bxd5 34.Rxb6 Qe5 35.Qc2 Ba8 36.Rc1 Nd3
37.Rcb1 Qa5 38.Qc4 Qd2 39.Ng4 h5 40.Nh6+ gxh6 41.Rg6+ Kf8 42.Rf6 Re7  0-1

[Event "TCh-AUT 2nd Bundesliga Ost 2008-9"]
[Site "Austria AUT"]
[Date "2008.10.05"]
[Round "3"]
[White "Polak,T"]
[Black "Videki,S"]
[Result "1/2-1/2"]
[WhiteElo "2553"]
[BlackElo "2428"]

1.d4 d5 2.c4 c6 3.Nc3 Nf6 4.e3 e6 5.Nf3 Nbd7 6.Qc2 Bd6 7.b3 O-O 8.Be2 dxc4
9.bxc4 e5 10.O-O Re8 11.a4 Qe7 12.Bb2 e4 13.Nd2 Nf8 14.c5 Bc7 15.Nc4 h5 16.Ba3 Bg4
17.Nd6 Bxe2 18.Qxe2 Bxd6 19.cxd6 Qe6 20.Rab1 b6 21.Rfc1 Rec8 22.h3 N8d7 23.Qa2 Qxa2
24.Nxa2 c5 25.dxc5 bxc5 26.Rb7  1/2-1/2

[Event "TCh-BEL 2008-9"]
[Site "Belgium BEL"]
[Date "2008.10.05"]
[Round "1"]
[White "Levin,F"]
[Black "Wiley,To"]
[Result "1-0"]
[WhiteElo "2536"]
[BlackElo "2310"]

1.Nf3 d5 2.c4 c6 3.e3 Nf6 4.Nc3 e6 5.d4 Nbd7 6.Bd3 dxc4 7.Bxc4 b5 8.Bd3 Bb7
9.a3 b4 10.Ne4 bxa3 11.O-O axb2 12.Bxb2 a5 13.Nxf6+ Nxf6 14.Ba3 Bxa3 15.Rxa3 O-O
16.Qc2 c5 17.Qxc5 Bxf3 18.gxf3 Nd5 19.f4 Qh4 20.Be4 Rad8 21.Bg2 f5 22.Qxa5 h6
23.Qd2 Rf6 24.Kh1 Rg6 25.Qe2 Nf6 26.Ra8 Rxa8 27.Bxa8 Ng4 28.f3 Nf6 29.Rg1 Rxg1+
30.Kxg1 Kf7 31.Qf2 Qxf2+ 32.Kxf2 g5 33.fxg5 hxg5 34.h3 Nh5 35.Bb7 Ke7 36.Bc8 Kd6
37.e4 f4 38.Ke2 e5 39.Kd3 Nf6 40.Kc4 Ne8 41.Bf5 Nc7 42.d5 Ne8 43.Bg6 Nc7
44.Bh5 Na6 45.Kb5 Nc5 46.Kb6 Nb3 47.Kb7 Nd2 48.Kc8 Ke7 49.Kc7 Nc4 50.Bg6 Nd6
51.Kc6 Nc4 52.d6+ Nxd6 53.Kd5  1-0

[Event "YUURGU-65 GM"]
[Site "Chelyabinsk RUS"]
[Date "2008.10.05"]
[Round "4"]
[White "Gabrielian,A"]
[Black "Sveshnikov,E"]
[Result "1/2-1/2"]
[WhiteElo "2486"]
[BlackElo "2525"]

1.d4 d5 2.c4 c6 3.Nc3 Nf6 4.Nf3 e6 5.e3 Nbd7 6.Ne5 Bb4 7.Bd2 Nxe5 8.dxe5 Bxc3
9.Bxc3 Ne4 10.Qc2 Nxc3 11.Qxc3 O-O 12.O-O-O f6 13.f4 fxe5 14.Qxe5 Qf6 15.Qxf6 Rxf6
16.g3 b6 17.e4 Bb7 18.Bg2 Rd8 19.Rd2 d4 20.e5 Rf7 21.c5 bxc5 22.h4 c4 23.Rc2 c3
24.bxc3 c5 25.Bxb7 Rxb7 26.cxd4 cxd4 27.Rd1 h5 28.Rc4 d3 29.Rc3 Rbd7 30.Kd2 Kf7
31.Rf1 Rb8 32.Rb3 Rb6 33.Rf3 Ra6 34.a3 Kg6 35.Rfxd3 Rxd3+ 36.Kxd3 Ra4 37.Ke2 Kf5
38.Kf3 g6 39.Rc3  1/2-1/2

[Event "Bundesliga 2008-9"]
[Site "Hamburg GER"]
[Date "2008.10.05"]
[Round "2"]
[White "Boensch,U"]
[Black "Abel,D"]
[Result "1/2-1/2"]
[WhiteElo "2523"]
[BlackElo "2328"]

1.d4 d5 2.c4 c6 3.Nf3 Nf6 4.Nc3 e6 5.e3 Nbd7 6.Bd3 dxc4 7.Bxc4 b5 8.Bd3 a6
9.e4 c5 10.e5 cxd4 11.Nxb5 axb5 12.exf6 gxf6 13.O-O Qb6 14.Be4 Bb7 15.Bxb7 Qxb7
16.Nxd4 Bc5 17.Be3 Rg8 18.Qf3 Qxf3 19.Nxf3 Rg4 20.b3 b4 21.Bxc5 Nxc5 22.Rac1 Nd3
23.Rc2 Ne5 24.Nxe5 fxe5 25.Re1 Rd4 26.f3 Ra5 27.Kf2 Ke7 28.Ree2 Rad5 29.Rc7+ Kf6
30.Rb7 Rc5 31.Kg3 h6 32.h3 h5 33.h4 Kg6 34.Rb8 f6 35.Rb6 Kf5 36.Rb8 Kg6 37.Rg8+ Kf7
38.Rh8 Kg6 39.Rg8+  1/2-1/2

[Event "ch-Commonwealth"]
[Site "Nagpur IND"]
[Date "2008.10.05"]
[Round "10"]
[White "Satvik,M"]
[Black "Simantini,H"]
[Result "1-0"]
[WhiteElo "1891"]
[BlackElo "1588"]

1.d4 d5 2.c4 c6 3.Nc3 Nf6 4.e3 e6 5.Nf3 Nbd7 6.Bd3 dxc4 7.Bxc4 b5 8.Be2 Bb7
9.e4 b4 10.e5 Nd5 11.Nxd5 exd5 12.O-O Be7 13.Be3 O-O 14.Rc1 Rc8 15.Qa4 Qb6
16.Nd2 Qc7 17.Bg4 Nb6 18.Qc2 Ra8 19.f4 Qd8 20.Rf3 Bc8 21.Rh3 h6 22.Bf5 Re8
23.Rf3 Bf8 24.h3 Bxf5 25.Qxf5 Re6 26.g4 Rg6 27.Kh2 Nc8 28.Qd3 c5 29.dxc5 Rc6
30.Nb3 a5 31.Nd4 Rc7 32.Nb5 Rc6 33.Nd6 Bxd6 34.exd6 Qf6 35.Qxd5 Na7 36.Bd4 Qd8
37.Re3  1-0

[Event "Bundesliga 2008-9"]
[Site "Solingen GER"]
[Date "2008.10.05"]
[Round "2"]
[White "Siebrecht,S"]
[Black "Naumann,A"]
[Result "1/2-1/2"]
[WhiteElo "2451"]
[BlackElo "2518"]

1.c4 e6 2.Nc3 d5 3.d4 c6 4.e3 Nf6 5.Nf3 Nbd7 6.Qc2 Bd6 7.g4 Nxg4 8.Rg1 f5
9.h3 Ngf6 10.Rxg7 Ne4 11.Bd2 Qf6 12.Rg2 Nf8 13.O-O-O Ng6 14.Be1 Bd7 15.Kb1 Nxc3+
16.Bxc3 b5 17.cxb5 cxb5 18.Qb3 b4 19.Ne5 a5 20.f4 a4 21.Nxd7 Qd8 22.Qc2 Kxd7
23.Be1 Qb6 24.Qd3 a3 25.Rc1 Rhc8 26.b3 Rxc1+ 27.Kxc1 Rc8+ 28.Kd1 Qc6 29.Qb5 Qxb5
30.Bxb5+ Ke7 31.h4 Kf7 32.h5 Ne7 33.Be2  1/2-1/2

[Event "4NCL 2008-9"]
[Site "Sunningdale ENG"]
[Date "2008.10.05"]
[Round "2"]
[White "Blackburn,J"]
[Black "Churm,R"]
[Result "1/2-1/2"]
[WhiteElo "2196"]
[BlackElo "2207"]

1.d4 d5 2.c4 e6 3.Nc3 c6 4.Nf3 Nf6 5.e3 Nbd7 6.Qc2 Bd6 7.g4 Nxg4 8.Rg1 Nxh2
9.Nxh2 Bxh2 10.Rxg7 Qf6 11.Rxh7 Nf8 12.Rxh8 Qxh8 13.e4 Qxd4 14.Be3 Qf6 15.Qd2 d4
16.Bxd4 e5 17.Be3 Bg4 18.Be2 Bxe2 19.Nxe2 Rd8 20.Bg5 Rxd2 21.Bxf6 Rd6 22.Bg5 Ne6  1/2-1/2

[Event "4NCL 2008-9"]
[Site "Sunningdale ENG"]
[Date "2008.10.05"]
[Round "2"]
[White "Parker,J"]
[Black "Gordon,S"]
[Result "1-0"]
[WhiteElo "2538"]
[BlackElo "2508"]

1.d4 d5 2.c4 e6 3.Nf3 Nf6 4.Nc3 c6 5.e3 Nbd7 6.Qc2 Bd6 7.Bd3 O-O 8.O-O dxc4
9.Bxc4 a6 10.a4 c5 11.Ne4 Nxe4 12.Qxe4 Nf6 13.Qh4 Nd5 14.Qxd8 Rxd8 15.dxc5 Bxc5
16.Rd1 Bd7 17.Bxd5 exd5 18.Bd2 Be6 19.Bc3 h6 20.a5 Rac8 21.Nd4 Bxd4 22.Bxd4 Rc4
23.f3 Rdc8 24.Bc3 f6 25.Kf2 Kf7 26.g4 h5 27.h3 g5 28.Kg3 Kg6 29.gxh5+ Kf7
30.Rd4 Rh8 31.Rxc4 dxc4 32.h4 Rxh5 33.hxg5 Rxg5+ 34.Kf2 Rh5 35.e4 f5 36.Rg1 Rh2+
37.Ke3 fxe4 38.fxe4 Ke7 39.Kd4 Bf7 40.Kc5 Rh6 41.Kd4 b6 42.axb6 Rxb6 43.Kc5 Rh6
44.Rd1 Re6 45.e5 Rh6 46.Rd4 Bg8 47.Rd2 Re6 48.Rg2 Bf7 49.Rf2 Rh6 50.Ba5 Re6
51.Bc7 Rg6 52.Bd6+ Ke8 53.Kc6 Rh6 54.Rf1 Rg6 55.Ra1 Be6 56.Rxa6 Bg4 57.Ra7 Bf3+
58.Kc5 Rg2 59.Re7+ Kd8 60.Rf7 Bh5 61.e6 Re2 62.Rd7+ Ke8 63.Rh7  1-0

[Event "1st WMSG Rapid Ind"]
[Site "Beijing CHN"]
[Date "2008.10.06"]
[Round "7"]
[White "Gurevich,M1"]
[Black "Fier,A"]
[Result "0-1"]
[WhiteElo "2634"]
[BlackElo "2581"]

1.c4 Nf6 2.Nc3 e6 3.Nf3 d5 4.d4 c6 5.e3 Nbd7 6.Qc2 Bd6 7.b3 O-O 8.Be2 b6
9.O-O Bb7 10.Bb2 Qe7 11.Rac1 Rac8 12.Qb1 Rfd8 13.Rfd1 h6 14.Bf1 Bb8 15.cxd5 exd5
16.g3 Ne4 17.Bh3 Nxc3 18.Rxc3 Re8 19.Qd3 Rcd8 20.Rdc1 Nf6 21.R3c2 Ne4 22.Bg2 Qe6
23.Nd2 f5 24.Nf3 g5 25.Ne5 Bxe5 26.dxe5 g4 27.b4 h5 28.f3 Ng5 29.Rf1 gxf3
30.Bxf3 Nxf3+ 31.Rxf3 Rf8 32.Rcf2 Bc8 33.Qd4 Qg6 34.e6 Bxe6 35.Rf4 Rd7 36.h3 Rh7
37.Kf1 Rff7 38.Qd3 Qh6 39.Kg1 Qf8 40.Kh2 Qd6 41.a3 Kf8 42.a4 Ke8 43.a5 h4
44.axb6 hxg3+ 45.Kxg3 axb6 46.Qd4 Qd8 47.Kh2 Qg5 48.h4 Qd8 49.Rg2 Kd7 50.Kg1 Kc7
51.Rg6 Re7 52.Qd2 Qe8 53.Rg5 Kb7 54.Bf6 Ref7 55.Qd4 Bd7 56.Kf2 Qa8 57.Kg3 Qe8
58.Kf2 Rh6 59.Bg7 Re6 60.b5 Re4 61.Rxe4 fxe4+ 62.Kg2 Qe6 63.bxc6+ Kxc6 64.Kg1 Kb7
65.h5 Qc6 66.h6 Qc1+ 67.Kh2 Qf1 68.Qxd5+ Bc6 69.Qxf7+ Qxf7 70.h7 Qf2+ 71.Kh3  0-1

[Event "Chigorin Memorial"]
[Site "St Petersburg RUS"]
[Date "2008.10.06"]
[Round "4"]
[White "Demina,J"]
[Black "Ganichev,Alex"]
[Result "1-0"]
[WhiteElo "2357"]
[BlackElo "2148"]

1.d4 d5 2.Nf3 Nf6 3.c4 e6 4.Nc3 c6 5.e3 Nbd7 6.Qc2 Bd6 7.b3 O-O 8.Be2 dxc4
9.bxc4 e5 10.h3 Re8 11.O-O Qe7 12.Rd1 b6 13.Bb2 Bb7 14.Rab1 e4 15.Nd2 Nf8
16.c5 Bc7 17.Ba3 b5 18.d5 cxd5 19.Nxb5 Ba6 20.Nxc7 Bxe2 21.Nxe8 Qxe8 22.Nxe4 Nxe4
23.Qxe2 Nc3 24.Qd3 Nxb1 25.Rxb1 Qc6 26.Qb5 Qxb5 27.Rxb5 Ne6 28.Rb7 d4 29.c6 Nd8
30.Rc7 dxe3 31.fxe3 g6 32.Bb2 a5 33.a4 Kf8 34.Bf6 Kg8 35.Kf2 h5 36.Kf3 Ne6
37.Rb7 Rc8 38.h4 g5 39.hxg5 Rxc6 40.Rb8+ Kh7 41.Rh8+ Kg6 42.Rh6+  1-0

[Event "Chigorin Memorial"]
[Site "St Petersburg RUS"]
[Date "2008.10.07"]
[Round "5"]
[White "Valov,I"]
[Black "Sudakova,I"]
[Result "1/2-1/2"]
[WhiteElo "2269"]
[BlackElo "2349"]

1.c4 e6 2.Nf3 d5 3.d4 c6 4.e3 Nf6 5.Nc3 Nbd7 6.Qc2 Bd6 7.Bd3 O-O 8.O-O dxc4
9.Bxc4 a6 10.Bd3 c5 11.Ne4 Nxe4 12.Bxe4 Nf6 13.dxc5 Nxe4 14.cxd6 Nxd6 15.Rd1 Qe7
16.b3 Nf5 17.a4 Nh4 18.Nxh4 Qxh4 19.Bb2 f6 20.Qc7 e5 21.Rd8 Bf5 22.Rad1 Qb4
23.Rxa8 Rxa8 24.Rd8+ Rxd8 25.Qxd8+ Kf7 26.Qc7+ Kg6 27.Qc3 a5 28.Qxb4 axb4
29.Bc1 Bc2 30.Bd2 Bxb3 31.a5  1/2-1/2

[Event "1st WMSG Blitz Pair"]
[Site "Beijing CHN"]
[Date "2008.10.08"]
[Round "2"]
[White "Peng Zhaoqin"]
[Black "Sukandar,I"]
[Result "0-1"]
[WhiteElo "2455"]
[BlackElo "2303"]

1.d4 Nf6 2.c4 e6 3.Nc3 d5 4.Nf3 c6 5.e3 Nbd7 6.b3 Bd6 7.Bd3 O-O 8.O-O Qe7
9.Bb2 e5 10.dxe5 Nxe5 11.cxd5 Nxf3+ 12.gxf3 Bh3 13.Re1 Nxd5 14.Ne4 Qh4 15.Ng3 Rad8
16.Qc2 Nb4 17.Qc3 Qh6 18.Bf1 Nd5 19.Qc4 Bxf1 20.Rxf1 Rde8 21.Rae1 Be5 22.Ba3 Bd6
23.Bb2 Re6 24.f4 Rfe8 25.f5 Re4 26.Qe2 Nf4 27.Qf3 Nd3 28.Rb1 Nxb2 29.Rxb2 Rh4
30.Qg2 Rb4 31.Rd2 Bc7 32.Rfd1 Rb5 33.Rd7 Bb6 34.Rxb7 g6 35.f6 Qg5 36.Qf3 Rd5
37.Rxd5 cxd5 38.Rd7 d4 39.Kg2 dxe3 40.Qd5 Qxf6 41.Ne4 Qf4 42.fxe3 Qg4+ 43.Ng3 Qe6
44.Qxe6 Rxe6 45.e4 Rc6 46.Kf3 Rc2 47.a4 Rxh2 48.b4 h5 49.a5 Rf2+  0-1

[Event "1st WMSG Blitz Pair"]
[Site "Beijing CHN"]
[Date "2008.10.08"]
[Round "3"]
[White "Kakageldyev,A"]
[Black "Kojima,S"]
[Result "0-1"]
[WhiteElo "2449"]
[BlackElo "2272"]

1.d4 d5 2.c4 c6 3.Nf3 Nf6 4.Nc3 e6 5.e3 Nbd7 6.Qc2 Bd6 7.g4 h6 8.Rg1 dxc4
9.Bxc4 b5 10.Be2 Bb7 11.h4 Rc8 12.g5 hxg5 13.hxg5 Nd5 14.g6 f6 15.Bd2 c5
16.Nxb5 Bb8 17.Qb3 cxd4 18.Nfxd4 Qe7 19.Nc3 Nc5 20.Qa3 Bd6 21.Qa5 Nb4 22.Kf1 Nc6
23.Bb5 O-O 24.Nxc6 Bxc6 25.Bxc6 Rxc6 26.Qb5 Rfc8 27.Qc4 Nd7 28.Qh4 Nf8 29.Rh1 Nxg6
30.Qh7+ Kf7 31.Rg1 Rh8 32.Qxg6+ Kf8 33.Ne4 Be5 34.a3 Qd7 35.Bb4+ Kg8 36.Ke2 Rc2+
37.Kf3 Rh3+ 38.Kg2 Rh6 39.Qg4 f5 40.Qg5 Qd5 41.Kf1 Qd3+ 42.Kg2 Qxe4+ 43.Kf1 Qf3
44.Be1 Rh2 45.Rg2 Qh3 46.Qd8+ Kh7 47.Qa8 Rh1+  0-1

[Event "1st WMSG Blitz Pair"]
[Site "Beijing CHN"]
[Date "2008.10.08"]
[Round "4"]
[White "Markos,J"]
[Black "Le Quang Liem"]
[Result "0-1"]
[WhiteElo "2557"]
[BlackElo "2583"]

1.d4 d5 2.c4 c6 3.Nc3 Nf6 4.e3 e6 5.Nf3 Nbd7 6.Qc2 Bd6 7.Bd3 dxc4 8.Bxc4 b5
9.Be2 Bb7 10.e4 e5 11.dxe5 Nxe5 12.Nxe5 Bxe5 13.Bg5 O-O 14.f4 Bxc3+ 15.bxc3 h6
16.Bh4 Qb6 17.Bf2 Qc7 18.e5 Nd5 19.Bc5 Nxf4 20.Bxf8 Qxe5 21.Kf2 Rxf8 22.Rhe1 Nxe2
23.Rxe2 Qxh2 24.Qe4 Bc8 25.Qxc6 Be6 26.Qxb5 Rd8 27.Qe5 Qh4+ 28.Kg1 Rd3 29.Rb1 Kh7
30.Qe4+ Qxe4 31.Rxe4 Rxc3 32.Rb2 Ra3 33.Ree2 Kg6 34.Kf2 Kf5 35.Rec2 g5 36.Rc5+ Kf6
37.Rc6 h5 38.Rcc2 h4 39.Rd2 g4 40.Rd4 Ke5 41.Rdb4 a6 42.Re2+ Kf5 43.Rbb2 h3
44.gxh3 Rxh3 45.Rbd2 Kg5 46.Re5+ Kf4 47.Ra5 g3+ 48.Kg1 Bf5 49.Ra4+ Be4 50.Rg2 Rh6
51.Kf1 f5 52.Ke2 Rc6 53.Ke1 Rc1+ 54.Ke2 Rc2+ 55.Kf1 Rxg2 56.Rxa6 Rb2 57.Ra3 g2+  0-1

[Event "1st WMSG Blitz Pair"]
[Site "Beijing CHN"]
[Date "2008.10.08"]
[Round "5"]
[White "Markos,J"]
[Black "Kojima,S"]
[Result "0-1"]
[WhiteElo "2557"]
[BlackElo "2272"]

1.d4 d5 2.c4 c6 3.Nc3 Nf6 4.e3 e6 5.Nf3 Nbd7 6.Qc2 Bd6 7.g4 dxc4 8.g5 Nd5
9.Bxc4 e5 10.Bd2 O-O 11.Nxd5 cxd5 12.Bxd5 exd4 13.Nxd4 Qxg5 14.e4 Qh5 15.Nf5 Be5
16.f4 Bf6 17.Ng3 Qg4 18.e5 Bh4 19.Qc3 Nb6 20.Bf3 Bxg3+ 21.Ke2 Qd7 22.hxg3 Rd8
23.Rad1 Qb5+ 24.Kf2 Bf5 25.Be3 Na4 26.Qb3 Qxb3 27.axb3 Nxb2 28.Rd6 Rdc8 29.g4 Rc2+
30.Kg3 Be6 31.Be4 Rc3 32.Kf2 g6 33.Bd4 Rxb3 34.f5 Bc4 35.e6 fxe6 36.fxg6 Rf8+
37.Kg2 hxg6 38.Rd7 e5 39.Bxe5  0-1

[Event "1st WMSG Blitz Pair"]
[Site "Beijing CHN"]
[Date "2008.10.08"]
[Round "6"]
[White "Kojima,S"]
[Black "Rasmussen,Kar"]
[Result "0-1"]
[WhiteElo "2272"]
[BlackElo "2466"]

1.Nf3 d5 2.d4 Nf6 3.c4 c6 4.e3 e6 5.Nc3 Nbd7 6.Bd3 dxc4 7.Bxc4 b5 8.Bd3 Bd6
9.O-O O-O 10.a3 a6 11.e4 e5 12.Ne2 Re8 13.Bg5 Qc7 14.Re1 h6 15.Bh4 exd4 16.Nexd4 Ng4
17.Bg3 Bxg3 18.hxg3 Nde5 19.Rc1 c5 20.Bb1 Qb6 21.Nxe5 Nxe5 22.Nf5 Bxf5 23.exf5 c4
24.Qh5 Rad8 25.Rcd1 Qf6 26.Be4 Nd3 27.Bxd3 Rxe1+ 28.Rxe1 cxd3 29.Qh4 Qd6
30.Rd1 d2 31.Qf4 Qd3 32.Qf3 Qc2 33.b4 Re8 34.f6 Qxd1+ 35.Qxd1 Re1+  0-1

[Event "1st WMSG Blitz Pair"]
[Site "Beijing CHN"]
[Date "2008.10.08"]
[Round "8"]
[White "Gurevich,M1"]
[Black "Berend,F"]
[Result "1/2-1/2"]
[WhiteElo "2634"]
[BlackElo "2345"]

1.c4 Nf6 2.Nc3 e6 3.Nf3 d5 4.d4 c6 5.e3 a6 6.b3 Bb4 7.Bd2 O-O 8.Qc2 Nbd7
9.Bd3 Qe7 10.O-O h6 11.Rad1 Re8 12.Ne2 dxc4 13.Bxc4 Bxd2 14.Rxd2 e5 15.dxe5 Nxe5
16.Nxe5 Qxe5 17.Nd4 Bg4 18.h3 Bh5 19.Qf5 Rad8 20.Qxe5 Rxe5 21.g4 Bg6 22.Rfd1 Ne4
23.Nxc6 Rxd2 24.Rxd2 Nxd2 25.Nxe5 Bb1 26.Bxf7+ Kf8 27.a3 Ba2 28.Bd5 b5 29.Bb7 Bxb3
30.Bxa6 Ba4 31.Nd7+ Ke7 32.Nc5 Nb1 33.Nxa4 bxa4 34.Bd3 Nxa3 35.f4 Kd6 36.e4 Kc5
37.e5 Nb5 38.e6 a3 39.e7 Nc7 40.Bb1 Kd6 41.Kf2 Kxe7 42.Kf3 Kf6 43.Ke4 Ne6
44.Ba2 Nc5+ 45.Kd4 Ne6+ 46.Ke3 Nc5 47.h4 g5 48.fxg5+ hxg5 49.h5 Nd7 50.Kd4 Ne5
51.Kc3 Nxg4 52.Kb4 Ne5 53.Kxa3 g4 54.Bd5 Kg5 55.Kb4 Kxh5 56.Kc5 Kg5 57.Kd4 Kf4
58.Be6 g3 59.Bh3 Nf3+ 60.Kd3 Nh4 61.Ke2 Ng6 62.Kf1 Kf3 63.Bg2+ Kg4 64.Bc6 Nf4
65.Kg1 Kh4 66.Bd7 Kg5 67.Bc8 Kf6 68.Bb7 Ke5 69.Bc6 Kd4 70.Bb7 Ke3 71.Bc6 Ng6
72.Kg2 Kf4 73.Bb7 Nh4+ 74.Kg1 Nf3+ 75.Bxf3 Ke5  1/2-1/2

[Event "1st WMSG Blitz Pair"]
[Site "Beijing CHN"]
[Date "2008.10.08"]
[Round "9"]
[White "Nyback,T"]
[Black "Kojima,S"]
[Result "1-0"]
[WhiteElo "2634"]
[BlackElo "2272"]

1.Nf3 d5 2.d4 Nf6 3.c4 c6 4.Nc3 e6 5.e3 Nbd7 6.Qc2 Bd6 7.g4 dxc4 8.Bxc4 e5
9.Bd2 O-O 10.g5 Nd5 11.Nxd5 cxd5 12.Bxd5 exd4 13.Nxd4 Qxg5 14.Bb3 Nb6 15.O-O-O Bd7
16.Bc3 Rac8 17.Rhg1 Qh5 18.Ne6 Bxe6 19.Rxg7+ Kh8 20.Rxh7+  1-0

[Event "1st WMSG Blitz Pair"]
[Site "Beijing CHN"]
[Date "2008.10.08"]
[Round "11"]
[White "Banikas,H"]
[Black "Le Quang Liem"]
[Result "0-1"]
[WhiteElo "2572"]
[BlackElo "2583"]

1.d4 d5 2.c4 c6 3.Nf3 Nf6 4.Nc3 e6 5.e3 Nbd7 6.Qc2 Bd6 7.Bd3 dxc4 8.Bxc4 b5
9.Be2 Bb7 10.O-O O-O 11.Rd1 Qb8 12.a3 a5 13.Bd2 Rc8 14.Ne4 Nxe4 15.Qxe4 c5
16.Qh4 c4 17.e4 Nf8 18.Qg4 Ng6 19.h4 b4 20.h5 Nf4 21.Bxf4 Bxf4 22.axb4 axb4
23.Rxa8 Bxa8 24.g3 Bh6 25.d5 exd5 26.exd5 c3 27.bxc3 bxc3 28.Ng5 c2 29.Rc1 Rc3
30.Qf5 Bxg5 31.Qxg5 Qd6 32.h6 g6 33.Qd2 Qxd5 34.Qxd5 Bxd5 35.f3 f6 36.Kf2 Kf7
37.Ke1 Bb3 38.Kd2 Rc5 39.Bd3 f5 40.f4 Kf6 41.Ke3 g5 42.fxg5+ Kxg5 43.Kd2 Kxh6
44.Rf1 Kg5 45.Kc1 Ba4 46.Rf4 Bb3 47.Rb4 Bd5 48.Rd4 Bc6 49.Rd6 Be4 50.Be2 Ra5
51.Bd3 Bxd3 52.Rxd3 Rc5 53.Rd7 h5 54.Rg7+ Kf6 55.Rh7 Kg6 56.Rh8 Rc3 57.Rg8+ Kf6
58.Rh8 Ke5 59.Rxh5 Rxg3 60.Kxc2 Kf4 61.Kd2 Ra3 62.Ke2 Kg4 63.Rh8 Ra2+ 64.Kf1 f4
65.Rb8 Kg3 66.Rg8+ Kf3 67.Kg1 Ra1+ 68.Kh2 Re1 69.Rb8 Kf2 70.Rb2+ Kf1 71.Rb3 Re2+
72.Kh1 Kf2 73.Kh2 Re3 74.Rb2+ Kf3 75.Rb1 Re2+ 76.Kg1 Kg3 77.Kf1 Ra2 78.Rb8 Ra1+
79.Ke2 f3+ 80.Ke3 Re1+ 81.Kd2 f2 82.Kd3  0-1

[Event "Chigorin Memorial"]
[Site "St Petersburg RUS"]
[Date "2008.10.08"]
[Round "6"]
[White "Biriukov,O"]
[Black "Pogosian,M"]
[Result "1-0"]
[WhiteElo "2374"]
[BlackElo "2256"]

1.d4 d5 2.c4 c6 3.Nc3 Nf6 4.e3 e6 5.Nf3 Nbd7 6.Bd3 dxc4 7.Bxc4 b5 8.Bd3 Bb7
9.a3 a5 10.O-O b4 11.Ne4 c5 12.Nxf6+ gxf6 13.e4 cxd4 14.Nxd4 Bc5 15.Bb5 Ke7
16.Be3 Bd6 17.Qh5 Rc8 18.axb4 Bxb4 19.Rfd1 Rc7 20.Bf4 e5 21.Nf5+ Ke8 22.Bd2 Rf8
23.Bxb4 axb4 24.Rxd7 Rxd7 25.Rd1 Bc8 26.Nd6+  1-0

[Event "Chigorin Memorial"]
[Site "St Petersburg RUS"]
[Date "2008.10.08"]
[Round "6"]
[White "Lovkov,R"]
[Black "Balakirev,I"]
[Result "1-0"]
[WhiteElo "2434"]
[BlackElo "2243"]

1.d4 d5 2.Nf3 Nf6 3.c4 c6 4.Nc3 e6 5.e3 Nbd7 6.Qc2 Bd6 7.g4 Bb4 8.Bd2 Bxc3
9.Bxc3 Ne4 10.Bd3 Nxc3 11.Qxc3 Qe7 12.O-O-O dxc4 13.Bxc4 Nb6 14.Ne5 O-O 15.Bb3 Nd5
16.Qc5 Qc7 17.g5 a5 18.a3 a4 19.Ba2 Ra5 20.Qc2 c5 21.Kb1 b6 22.Rc1 Ba6 23.h4 Rc8
24.h5 cxd4 25.Qxc7 Rxc7 26.exd4 f6 27.gxf6 Rxc1+ 28.Kxc1 Nxf6 29.Bxe6+ Kf8
30.h6 Bb7 31.hxg7+ Kxg7 32.Rg1+ Kf8 33.Rg3 Bd5 34.Bf5 Ra7 35.Rc3 Ne4 36.Rc8+ Kg7
37.Bxe4 Bxe4 38.Kd2 h5 39.Ke3 Bf5 40.Rc6 b5 41.Kf4 Bh7 42.Kg5 Be4 43.Rb6 Rc7
44.Rxb5 Rc2 45.f3 Rg2+ 46.Kxh5 Bc2 47.Ng4 Bb3 48.Rb7+ Kf8 49.Kg5 Rd2 50.Kf6 Ke8
51.Ne5 Kd8 52.Nf7+ Kc8 53.Nd6+ Kd8 54.Ke5 Rxb2 55.Ne4 Ra2 56.Nc5 Rxa3 57.Kd6 Ke8
58.f4 Bc4 59.f5 Rf3 60.Ne6 Bxe6 61.fxe6 Rb3 62.Ra7 Rb6+ 63.Ke5  1-0

[Event "Chigorin Memorial"]
[Site "St Petersburg RUS"]
[Date "2008.10.08"]
[Round "6"]
[White "Prelovskij,R"]
[Black "Khakimov,T"]
[Result "1/2-1/2"]
[WhiteElo "2137"]
[BlackElo "2310"]

1.c4 Nf6 2.Nf3 c6 3.Nc3 d5 4.d4 e6 5.e3 Nbd7 6.cxd5 exd5 7.Bd3 Bd6 8.O-O O-O
9.h3 Qe7 10.Nd2 c5 11.Qf3 Nb6 12.dxc5 Bxc5 13.Nb3 Bd6 14.Nd4 Qe5 15.Qf4 Qxf4
16.exf4 Bd7 17.Be3 Rac8  1/2-1/2

[Event "1st WMSG Rapid Pair"]
[Site "Beijing CHN"]
[Date "2008.10.09"]
[Round "2"]
[White "Nyback,T"]
[Black "Kojima,S"]
[Result "1-0"]
[WhiteElo "2634"]
[BlackElo "2272"]

1.d4 d5 2.c4 c6 3.Nc3 Nf6 4.Nf3 e6 5.e3 Nbd7 6.Qc2 Bd6 7.g4 h6 8.Bd2 dxc4
9.Bxc4 b5 10.Be2 Bb7 11.e4 Be7 12.g5 hxg5 13.Nxg5 c5 14.dxc5 Nxc5 15.Bxb5+ Nfd7
16.Rg1 a6 17.Be2 Ne5 18.Rd1 Ncd3+ 19.Kf1 Nxf2 20.Kxf2 Bc5+ 21.Kg2 Qf6 22.Rgf1 Qh6
23.Bf4 Be3 24.Bxe5 Qxg5+ 25.Bg3  1-0